000 00732nam a2200229 a 4500
001 Rebiun04571525
003 AR-RoIUNI
005 20241122062656.0
008 961111s1984 ag 001 spa
020 _a9500601478
040 _aUSA.SMAN.
_dUPSA.
_cIUNIR
_bSpa
_eAnglo
080 _a611.01 BOU
100 1 _aBouchet, Alain.
_9123
245 1 0 _aAnatomía
_cAlain Bouchet, Jacques Cuilleret
_pTórax. Paredes. Mediastinos. Cavidades pleurales. Pulmones
_bDescriptiva, topográfica y funcional
260 _aBuenos Aires :
_bMédica Panamericana,
_c1985
300 _a302 p. : il. ;
_c25 cm
650 1 0 _aAnatomía
_9115
650 0 4 _aTórax
650 1 0 _aMedicina
_958
700 1 _aCuilleret, Jacques
942 _2cdu
_cBK
999 _c3746
_d3746